000 00841nam a2200277 i 4500
001 000046646
003 DO-SdBNP
005 20250728090540.0
007 ta
008 180315s190- dr 000 0 spa d
020 _a9789945904246
040 _aDO-SdBNP
_bspa
_cBNPHU
_erda
082 _axxx
_bR426L
_222
110 1 _aRepública Dominicana
_9447
240 1 0 _a[Leyes, etc.]
245 1 0 _aLey No. 50-88 sobre drogas y sustancias controladas de la República Dominicana.
264 1 _aSanto Domingo :
_bDalis,
_c19--.
300 _a96 páginas ;
_c21 cm.
336 _atexto
_btxt
_2rdacontent
337 _asin mediación
_bn
_2rdamedia
338 _avolumen
_bnc
_2rdacarrier
500 _aModificada por las leyes, 17-95, 359014-97, 72-00 y 278-04
590 _aInventariado, 2018/BT
910 _aBtavárez
942 _2ddc
_cLBS1
999 _c46135
_d46135